| 000 | 00725nam a22002417a 4500 | ||
|---|---|---|---|
| 003 | DO-SdBNP | ||
| 005 | 20220523121815.0 | ||
| 008 | 171123b2213 sp a||| 00| 0 spa d | ||
| 020 | _a9788449448386 | ||
| 040 |
_aBPMSU _bspa _cBPMSU |
||
| 082 |
_a617 _bT776c 2013 _222 |
||
| 245 | 0 | 0 | _aTratado de cirugía general |
| 260 |
_aBarcelona : _bELSEVIEL /OCEANO, _c2013 _b |
||
| 300 |
_av.: _bils., fotos ; _c32 cm. |
||
| 504 | _aBibliografías al final de los capítulos | ||
| 590 | _6Inventariado, 2022/VM | ||
| 650 | 4 |
_aCirugía _vManuales. |
|
| 650 | 4 |
_aDiagnóstico quirúrgico _vManuales. |
|
| 910 | _aVMateo V. | ||
| 942 |
_2ddc _cBK |
||
| 945 | _aInventario extranjero / 2017 BT | ||
| 956 |
_aBTAVAREZ _b10 _c20171123 _d0038 |
||
| 999 |
_c13046 _d13046 |
||